Quizzes
Events
Quiz Creation
Community
Videos
Private Events
Remove Ads
Sign In
Join for FREE
Feedback
Dark Mode
Quiz Categories
Sports
Geography
Music
Movies
Television
Just For Fun
Miscellaneous
History
Literature
Language
Science
Gaming
Entertainment
Religion
Holiday
For Kids
Quiz Lab
Recent
Popular Today
Quiz Kudos Today
Editor Picks
Curator Picks
Quizzes by...
Day
Popularity
Type
Ratings
Length
Year
Community
Subscriptions
Recent Discussions
Orange Saloon
Badges
Playlists
Quests
Create
Leaderboards
Showdown
Live 5
Trivia Bingo
Activity
Puzzle Library
Sporcle Events
Private Events
Virtual Trivia
Globe League
Become a Host
Pub Owners
SporcleCon
Opinionation
Our Games
Videos
Blog
Mobile Apps
Partnerships
Remove Ads and Go Orange
Feedback
Television
TV Characters
TV Show
Sitcom
Network
Friends
Reality Shows
Cast
South Park
Star Trek
The Simpsons
Doctor Who
Television
TV Characters
TV Show
Sitcom
Network
Friends
Reality Shows
Cast
South Park
Star Trek
The Simpsons
Doctor Who
Random Quiz
Search Sporcle
×
Quiz Lab
Quiz Lab
Television
Type in answers that appear in a list
Type in answers that appear in a list
Classic
Best Score? Go Orange.
Jersey Shore Cast Members Stats
Can you name the Jersey Shore Cast Members?
By
ripcity7
3m
9 Questions
23 Plays
23 Plays
23 Plays
Comments
Comments
Give Quiz Kudos
Give Quiz Kudos
-
- Ratings
hide this ad
More Info
Replay
Link that replays current quiz
Next Quiz
Link to next quiz in quiz playlist
You Got
0%
They Got
Avg Score
93%
Avg Friend Score
Upgrade to see
Score Distribution
Jump to the score distribution portion of the page
Score
0/9
Timer
03:00
0
Plays Today
% Correct
Fake titays
J woww
100%
biggest 6 pack
Mike
100%
The little meatball
Snooki
95.7%
uses all your hair gel
Pauly d
95.7%
snookis love
Vinny
95.7%
sweet heart
Sammi
95.7%
Big buff dude
Ronnie
91.3%
Not on show anymore
Angelina
87%
A blast in a glass
Deena
78.3%
Quiz Playlist
Details
Report
Send in Message
Add To Playlist
More Info:
.
Classic:
Type in answers that appear in a list
Last Updated: Feb 16, 2017
Quiz Scoreboard
CHALLENGE
Sign Up to Join the Scoreboard
Show All
Scores
Hide
Comments
May contain spoilers
Recently Published
NBA Finals Game Top Scorers (2010s)
by flibbidy
Sports
5m
Guess the 'R' Things in 3 Words
by MSUKent
Miscellaneous
3m
Actor to Badly Drawn Movie III
by MoMosMoProblems
Movies
5m
More to Explore
Quiz From the Vault
Featured Blog Post
Where Does Lost Luggage Go?
hide this ad
You Might Also Like...
Tags
This quiz does not have any tags.
Today's Top Quizzes in Television
Browse Television
hide this ad
Top Contributed Quizzes in Television
1
Hidden Simpsons Character
2
First Name TV: Leading Men
3
Hidden Simpsons Character II
4
Hidden Simpsons Character III
5
First Name TV: Leading Women Drama
6
Hidden Simpsons Character IV
7
Hidden Simpsons Character V
8
Hidden Simpsons Character VI
9
Hidden Simpsons Character VII
10
Hidden Simpsons Character VIII
Explore More
Trending Topics
NBA
Disney
Anime
Harry Potter
Kpop
Marvel
Crossword
Puzzle
Country
WWE
Soccer
Song
NFL
Pokémon
The Office
hide this ad
More By:
ripcity7
Quiz
Plays
Rating
Category
Featured
Created
Blazers trivia
71
1.00
Sports
Apr 15, 2011
Go to Creator's Profile
Score Distribution
Quiz Creator Spotlight
ripcity7
Follow
Send a Message
Quizzes Created
-
Created Quiz Play Count
-
More By This Creator
Popular Quizzes Today
1
Find the US States - No Outlines Minefield
2
Find the US States
3
The Countries of the World
4
10 Largest US States in Order
5
Find the Countries of Europe - No Outlines Minefield
6
US States
7
Guess the 'R' Things in 3 Words
8
NBA Finals Game Top Scorers (2010s)
More Television Quizzes
Figure Out the Lyrics: TV Theme X
Published
Trending Quizzes
First Name TV: Leading Men
Match the Book to the Film II
3-Word Movies in 1 Word II
First Name TV: Leading Women Drama
Match the Book to the Film VI
Recently Updated
Women's Final Four Teams by Year
bhenderson79
Presidents Quartet II
eogle
Anything But Clue(do)
eogle
Anything But Oceanian Capitals
eogle
Anything But 7
eogle
Anything But Thing
eogle
Word Ladder: February 29
pecheneg
Song Title Questions
pecheneg
Women's NCAA Tournament #1 Seeds
pecheneg
Celebrity Mug Shots
pecheneg
Trending Topics
NBA
Disney
Marvel
Kpop
Crossword
Anime
Harry Potter
Soccer
Puzzle
The Office
WWE
Country
Pokémon
NFL
Song
Your Account Isn't Verified!
In order to create a playlist on Sporcle, you need to verify the email address you used during registration. Go to your
Sporcle Settings
to finish the process.
Report this User
Report this user for behavior that violates our
Community Guidelines
.
Details:
Send Report
Go to the Sporcle.com Mobile Site →
Comments